000 00508nam a2200217Ia 4500
003 OSt
005 20221005124106.0
006 a|||||r|||| 00| 0
007 ta
008 221004b |||||||| |||| 00| 0 eng d
024 _a117811
037 _cTextual
040 _aCRL
_cCRL
_beng
041 _2eng
_aeng
100 _aPrem Narain
245 0 _aMathematics for students of commerce
260 _c1974
650 _aMATHEMATICS
942 _cTEXL
_2cc
999 _c1049430
_d1049430